गीतांजलि (Record no. 8764)

MARC details
000 -LEADER
fixed length control field 00810 a2200241 4500
001 - CONTROL NUMBER
control field 135369
003 - CONTROL NUMBER IDENTIFIER
control field OSt
005 - DATE AND TIME OF LATEST TRANSACTION
control field 20220616115804.0
008 - FIXED-LENGTH DATA ELEMENTS--GENERAL INFORMATION
fixed length control field
020 ## - INTERNATIONAL STANDARD BOOK NUMBER
International Standard Book Number 9788171198832
041 ## - LANGUAGE CODE
Language code of text/sound track or separate title Hindi
082 ## - DEWEY DECIMAL CLASSIFICATION NUMBER
Classification number 891.4414
Item number T12G
100 1# - MAIN ENTRY--PERSONAL NAME
Personal name ठाकुर, रवीन्द्रनाथ
245 1# - TITLE STATEMENT
Title गीतांजलि
Statement of responsibility, etc by रवीन्द्रनाथ ठाकुर
250 ## - EDITION STATEMENT
Edition statement 8th ed.
260 ## - PUBLICATION, DISTRIBUTION, ETC. (IMPRINT)
Place of publication, distribution, etc नई दिल्ली
Name of publisher, distributor, etc राधाकृष्ण प्रकाशन
Date of publication, distribution, etc 2008, 2021
300 ## - PHYSICAL DESCRIPTION
Extent 163p.
500 ## - GENERAL NOTE
General note Acc No 38171 year 2021
630 ## - SUBJECT ADDED ENTRY--UNIFORM TITLE
Uniform title बांगला साहित्य
653 ## - INDEX TERM--UNCONTROLLED
Uncontrolled term Bengali poetry
690 ## - LOCAL SUBJECT ADDED ENTRY--TOPICAL TERM (OCLC, RLIN)
Topical term or geographic name as entry element बंग्ला कविता - हिन्दी अनुवाद;
942 ## - ADDED ENTRY ELEMENTS (KOHA)
Source of classification or shelving scheme Dewey Decimal Classification
Koha item type Books
Holdings
Withdrawn status Lost status Source of classification or shelving scheme Damaged status Not for loan Collection code Home library Current library Date acquired Source of acquisition Cost, normal purchase price Total Checkouts Full call number Barcode Date last seen Date checked out Price effective from Koha item type
    Dewey Decimal Classification     General Text Book Central University Of Rajasthan Central University Of Rajasthan 09/10/2012 HND 150.00 1 891.4414 T12G 9709 21/11/2024 29/10/2021 02/09/2020 Books
    Dewey Decimal Classification     General Text Book Central University Of Rajasthan Central University Of Rajasthan 29/06/2022 D(ACD)-RBC   4 891.4414 T12G 38171 13/02/2025 05/02/2025 29/06/2022 Books